000 00515nam a2200181 i 4500
001 86922
003 ES-MaACL
005 20230906175542.0
007 t|
008 041216s1968 sp ||||1| spa d
100 1 _aKolosimo, Peter.
_968530
245 1 0 _aSombras en las estrellas /
_cPeter Kolosimo ; [traducción de Antonio Ribera].
250 _a1ª ed.
260 _aBarcelona :
_bJanés,
_c[1968]
300 _a400 p. ;
_c22 cm.
700 1 _aRibera, Antonio.
_996769
852 _aES-MaACL
_jC-35190
_bR.68202
999 _c86922
_d86922